Μπωντλαίρ

Αποθηκεύτηκε σε:
Λεπτομέρειες βιβλιογραφικής εγγραφής
Κύριος συγγραφέας: Sartre, Jean-Paul, 1905-1980
Άλλοι συγγραφείς: Φωκάς, Νίκος, 1927-2021 (Μεταφραστής)
Μορφή: Βιβλίο
Γλώσσα:Greek
Δημοσίευση: Αθήνα : Ολκός, 1995.
Σειρά:Μικρή άρκτος
Θέματα:
Ετικέτες: Προσθήκη ετικέτας
Δεν υπάρχουν, Καταχωρήστε ετικέτα πρώτοι!

MARC

LEADER 00000nam a2200000 a 4500
001 1/127496
008 231016s1995####gr | ||| |||| ||gre||
020 |a 960716931X 
040 |a GR-MyUa  |b gre  |c GR-MyUa  |e AACR2 
041 1 |a gre 
082 7 |a 841.8  |2 (23) 
100 1 |a Sartre, Jean-Paul,   |d 1905-1980. 
245 1 0 |a Μπωντλαίρ /   |c Ζαν-Πωλ Σαρτρ ; μετάφραση-σχόλια: Νίκος Φωκάς.  
260 |a Αθήνα :   |b Ολκός,   |c 1995.  
300 |a 183 σ. ;   |c 21 εκ.  
490 1 |a (Μικρή Άρκτος ;   |v 2) 
500 |a Τίτλος πρωτοτύπου: Baudelaire.  
600 1 0 |a Baudelaire, Charles,   |d 1821-1867. 
650 0 |a Authors, French  |y 19th century  |x Biography. 
700 1 |a Φωκάς, Νίκος,   |d 1927-2021,  |e trl 
830 0 |a Μικρή άρκτος 
852 |a INST  |b LESVOS  |e 20231016  |h 841.8 SAR  |p 005100062606  |q 005100062606  |t BK  |y 0 
970 |a Δημάκη  |b Μαρία  |z 16-10-2023